书目信息 |
| 题名: |
改变世界的伟大科学家
|
|
| 作者: | 谭虎 , 张岩 编著 | |
| 分册: | ||
| 出版信息: | 青岛 青岛出版社 2017 |
|
| 页数: | 215页 | |
| 开本: | 23cm | |
| 丛书名: | 小故事大智慧丛书 | |
| 单 册: | ||
| 中图分类: | K816.1 | |
| 科图分类: | ||
| 主题词: | 科学家--生平事迹--世界 | |
| 电子资源: | ||
| ISBN: | 978-7-5552-5002-9 | |
| 000 | 00981oam2 2200265 450 | |
| 001 | 012001005071 | |
| 005 | 20141007112545.0 | |
| 010 | @a978-7-5552-5002-9@dCNY29.80 | |
| 100 | @a20170328d2017 em y0chiy50 ea | |
| 101 | 0 | @achi |
| 102 | @aCN@b370000 | |
| 105 | @aa z 000yd | |
| 106 | @ar | |
| 200 | 1 | @a改变世界的伟大科学家@9gai bian shi jie de wei da ke xue jia@f谭虎,张岩编著 |
| 210 | @a青岛@c青岛出版社@d2017 | |
| 215 | @a215页@c图,照片@d23cm | |
| 225 | 1 | @a小故事大智慧丛书 |
| 330 | @a本书囊括四大领域的伟大科学家:生命科学,物理科学,化学、地球及太空学,哲学、发明及工程学,简述了他们的生平事迹及卓越贡献,珍贵的资料与精美的插图,可以让读者徜徉在这些故事之中,切实感触到他们思想的深邃、行动的果敢以及对科学的热爱。 | |
| 461 | 0 | @12001 @a小故事大智慧丛书 |
| 606 | 0 | @a科学家@x生平事迹@y世界 |
| 690 | @aK816.1@v5 | |
| 701 | 0 | @a谭虎@9tan hu@4编著 |
| 701 | 0 | @a张岩@9zhang yan@4编著 |
| 801 | 0 | @aCN@b上海新华@c20180901 |
| 905 | @b1172479-83@dK816.1@e170@f5 | |
| 改变世界的伟大科学家/谭虎,张岩编著.-青岛:青岛出版社,2017 |
| 215页:图,照片;23cm.-(小故事大智慧丛书) |
| ISBN 978-7-5552-5002-9:CNY29.80 |
| 本书囊括四大领域的伟大科学家:生命科学,物理科学,化学、地球及太空学,哲学、发明及工程学,简述了他们的生平事迹及卓越贡献,珍贵的资料与精美的插图,可以让读者徜徉在这些故事之中,切实感触到他们思想的深邃、行动的果敢以及对科学的热爱。 |
| ● |
| 相关链接 |
|
|
|
|
正题名:改变世界的伟大科学家
索取号:K816.1/170
 
预约/预借
| 序号 | 登录号 | 条形码 | 馆藏地/架位号 | 状态 | 备注 |
| 1 | 1172479 | 211724794 | 第二样本阅览室/ [索取号:K816.1/170] | 在馆 | |
| 2 | 1172480 | 211724801 | 第二借阅区/ [索取号:K816.1/170] | 在馆 | |
| 3 | 1172481 | 211724810 | 第二借阅区/ [索取号:K816.1/170] | 在馆 | |
| 4 | 1172482 | 211724829 | 第二借阅区/ [索取号:K816.1/170] | 在馆 | |
| 5 | 1172483 | 211724838 | 密集书库-史法系/ [索取号:K816.1/170] | 在馆 |